01122nam a2200265 i 450000100060000000300090000600500170001500700030003200800410003502000180007608000230009408000350011710000420015224501110019426000780030530000350038349000550041860000410047365100610051471000460057583000630062185200330068499900170071795201220073466814ES-MaACL20250821091800.0t|040402s2002 sp ||||1| spa d a84-95394-35-9 a930.2(460.288)"15" a929 Juana I, Reina de Castilla1 aCarrilero Martínez, Ramón.93575410aColección documental albacetense de la reina doña Juana (1505-1519) / cRamón Carrillero Martínez. aAlbacete : bInstituto de Estudios Albacetenses "Don Juan Manuel",c2002. a257 p. : bil. col. ; c24 cm.1 aSerie 0--Corpus, documenta y bibliografía ; v1704aJuana bI,cReina de Castilla967140 4aAlbacete (Provincia)-xHistoria-yS.XVI-vFuentes.976372 aInstituto de Estudios Albacetenses.948840 aSerie 0--Corpus, documenta y bibliografía ; v179179464 aES-MaACLjL-27282 bR.132913 c66814d66814 00104070aATENEOMbATENEOMcDEPO2d2008-01-17eSCl0oL-27282p1069981r2023-02-23 00:00:00w2023-02-23yMONOGRAFIA